000 00638cab a2200205 4500
001 X3118
008 090401t1995 xxu||||| |||| 00| 0 eng d
035 _a(Sirsi) u28532
041 _aeng
245 _aRun-off insurance
260 _c1995
350 _a0
490 _aCSM (Chartered Surveyor Monthly)
_v5(3) November/December 1995, 37(1)
520 _aExplains the importance of continuing professional indeminity insurance once a person has to practice as a surveyor or retires
650 _aPROFESSIONAL INDEMNITY INSURANCE
650 _aRUN-OFF INSURANCE
690 _aInsurance
_96249
942 _n0
948 _c04/03/1997
999 _c19192
_d19192